| 000 | 00458nam a2200169 4500 | ||
|---|---|---|---|
| 001 | 42708 | ||
| 090 | _a42708 | ||
| 100 | _a20240220 pory50 | ||
| 101 | _aale | ||
| 101 | _apor | ||
| 102 | _aAL | ||
| 200 |
_aLangenscheidt Dicionário de bolso _edas Línguas Portuguesa e Alemã _eT 1. : Português - Alemão _fFriedrich Irmen |
||
| 210 |
_aBerlim _cLangenscheidt _d1982 |
||
| 215 | _a1246 , [2] p, 2 cols | ||
| 675 | _a(038) | ||
| 801 |
_aPT _gRPC |
||
| 990 | _cLIVROS | ||